The design of CMOS radio-frequency integrated circuits / (Record no. 448)

MARC details
000 -LEADER
fixed length control field 01089cam a22002774a 4500
001 - CONTROL NUMBER
control field 13322736
005 - DATE AND TIME OF LATEST TRANSACTION
control field 20250224105831.0
008 - FIXED-LENGTH DATA ELEMENTS--GENERAL INFORMATION
fixed length control field 030825s2004 enka b 001 0 eng
010 ## - LIBRARY OF CONGRESS CONTROL NUMBER
LC control number 2003061322
020 ## - INTERNATIONAL STANDARD BOOK NUMBER
International Standard Book Number 0521835399
040 ## - CATALOGING SOURCE
Original cataloging agency DLC
Transcribing agency KCST
042 ## - AUTHENTICATION CODE
Authentication code pcc
050 00 - LIBRARY OF CONGRESS CALL NUMBER
Classification number TK7871.99.M44
Item number L44 2004
082 00 - DEWEY DECIMAL CLASSIFICATION NUMBER
Classification number 621.39732
Edition information 22
100 1# - MAIN ENTRY--PERSONAL NAME
Personal name Lee, Thomas H.,
Dates associated with a name 1959-
9 (RLIN) 4544
245 14 - TITLE STATEMENT
Title The design of CMOS radio-frequency integrated circuits /
Statement of responsibility, etc. Thomas H. Lee.
250 ## - EDITION STATEMENT
Edition statement 2nd ed.
260 ## - PUBLICATION, DISTRIBUTION, ETC.
Place of publication, distribution, etc. Cambridge, UK ;
-- New York :
Name of publisher, distributor, etc. Cambridge University Press,
Date of publication, distribution, etc. 2004.
300 ## - PHYSICAL DESCRIPTION
Extent xviii, 797 p. :
Other physical details ill. ;
Dimensions 27 cm.
504 ## - BIBLIOGRAPHY, ETC. NOTE
Bibliography, etc. note Includes bibliographical references and index.
650 #0 - SUBJECT ADDED ENTRY--TOPICAL TERM
Topical term or geographic name entry element Metal oxide semiconductors, Complementary
General subdivision Design and construction.
9 (RLIN) 4545
650 #0 - SUBJECT ADDED ENTRY--TOPICAL TERM
Topical term or geographic name entry element Radio frequency integrated circuits
General subdivision Design and construction.
9 (RLIN) 4546
650 #0 - SUBJECT ADDED ENTRY--TOPICAL TERM
Topical term or geographic name entry element Radio
General subdivision Transmitter-receivers.
9 (RLIN) 4547
856 41 - ELECTRONIC LOCATION AND ACCESS
Materials specified Table of contents
Uniform Resource Identifier <a href="http://www.loc.gov/catdir/toc/cam051/2003061322.html">http://www.loc.gov/catdir/toc/cam051/2003061322.html</a>
856 42 - ELECTRONIC LOCATION AND ACCESS
Materials specified Publisher description
Uniform Resource Identifier <a href="http://www.loc.gov/catdir/description/cam051/2003061322.html">http://www.loc.gov/catdir/description/cam051/2003061322.html</a>
Holdings
Withdrawn status Lost status Source of classification or shelving scheme Damaged status Not for loan Home library Current library Date acquired Cost, normal purchase price Total checkouts Full call number Barcode Date last seen Date last checked out Price effective from Koha item type
    Dewey Decimal Classification     KCST Library KCST Library 29/06/2020 22.36 1 621.39732 Le De 1000000639 17/11/2022 27/09/2021 29/06/2020 Book
© 2025 KCST. All rights reserved